The twisted claw / (Record no. 14599)

MARC details
000 -LEADER
fixed length control field 01930cam a22003611a 4500
001 - CONTROL NUMBER
control field B-264873-878
005 - DATE AND TIME OF LATEST TRANSACTION
control field 20050820165951.0
008 - FIXED-LENGTH DATA ELEMENTS--GENERAL INFORMATION
fixed length control field 920422s1939 nyua j 000 1 eng
010 ## - LIBRARY OF CONGRESS CONTROL NUMBER
LC control number B-264873-878
020 ## - INTERNATIONAL STANDARD BOOK NUMBER
International Standard Book Number 04480898181
Terms of availability 135.00
035 ## - SYSTEM CONTROL NUMBER
System control number B-264873-878
040 ## - CATALOGING SOURCE
Original cataloging agency DPL
Language of cataloging EN
082 ## - DEWEY DECIMAL CLASSIFICATION NUMBER
Classification number N
100 ## - MAIN ENTRY--PERSONAL NAME
Personal name Dixon, Franklin W.
245 ## - TITLE STATEMENT
Title The twisted claw /
Statement of responsibility, etc by Franklin W. Dixon
260 ## - PUBLICATION, DISTRIBUTION, ETC. (IMPRINT)
Place of publication, distribution, etc New York :
Name of publisher, distributor, etc Grosset & Dunlap,
Date of publication, distribution, etc 2003
300 ## - PHYSICAL DESCRIPTION
Extent 177 p. :
Other physical details ill.
Dimensions 20 cm (Hb)
490 ## - SERIES STATEMENT
Series statement The Hardy boys mystery stories 18
500 ## - GENERAL NOTE
General note Illustrated lining-papers.
650 ## - SUBJECT ADDED ENTRY--TOPICAL TERM
Topical term or geographic name as entry element Detective and mystery stories.
700 ## - ADDED ENTRY--PERSONAL NAME
Personal name Laune, Paul.
800 ## - SERIES ADDED ENTRY--PERSONAL NAME
Personal name Dixon, Franklin W.
Title of a work Hardy boys mystery stories.
942 ## - ADDED ENTRY ELEMENTS (KOHA)
Source of classification or shelving scheme Dewey Decimal Classification
Koha item type Children Books
Classification part N
Call number suffix DIX
Holdings
Withdrawn status Lost status Damaged status Not for loan Collection code Home library Current library Date acquired Cost, normal purchase price Total Checkouts Full call number Barcode Date last seen Copy number Cost, replacement price Price effective from Koha item type Total Renewals Date checked out Source of acquisition
        Fiction Central Library Central Library 28/07/2008 135.00   S DIX B-264873 15/09/2008 1 135.00 15/09/2008 Children Books      
        Fiction Karol Bagh Karol Bagh 28/07/2008 135.00   S DIX B-264877 15/09/2008 1 135.00 15/09/2008 Children Books      
        Fiction Patel Nagar Patel Nagar 28/07/2008 135.00 8 S DIX B-264874 06/07/2022 1 135.00 15/09/2008 Children Books 4 06/06/2022  
        Fiction Peshwa Road Peshwa Road 28/07/2008 135.00 1 S DIX B-264875 27/12/2025 1 135.00 15/09/2008 Children Books   12/12/2025  
        Fiction Sarojini Nagar Sarojini Nagar 28/07/2008 135.00 1 S DIX B-264876 29/10/2022 1 135.00 15/09/2008 Children Books   20/10/2022  
        Fiction Shahdara Branch Shahdara Branch 28/07/2008 135.00   S DIX B-264878 15/09/2008 1 135.00 15/09/2008 Children Books      
        Fiction Vinoba Puri Vinoba Puri 02/09/2008 135.00 5 N DIX B-284687 23/03/2019 1 135.00 15/09/2008 Children Books   14/03/2019 Blueberry/4571/19.8.08/192/21.7.08/19.8.08

© Delhi Public Library
Hit Counter
free hit counter